<?xml version="1.0" encoding="UTF-8"?>
<record
    xmlns:xsi="http://www.w3.org/2001/XMLSchema-instance"
    xsi:schemaLocation="http://www.loc.gov/MARC21/slim http://www.loc.gov/standards/marcxml/schema/MARC21slim.xsd"
    xmlns="http://www.loc.gov/MARC21/slim">

  <leader>00855nam a2200217Ia 4500</leader>
  <datafield tag="999" ind1=" " ind2=" ">
    <subfield code="c">40251</subfield>
    <subfield code="d">40251</subfield>
  </datafield>
  <controlfield tag="001">6859</controlfield>
  <controlfield tag="003">GE_BSU</controlfield>
  <controlfield tag="005">20230804164551.0</controlfield>
  <controlfield tag="008">181216s1972||||ru |||||||||||||| ||rus||</controlfield>
  <datafield tag="040" ind1=" " ind2=" ">
    <subfield code="c">GE_BSU</subfield>
  </datafield>
  <datafield tag="041" ind1=" " ind2=" ">
    <subfield code="a">rus</subfield>
  </datafield>
  <datafield tag="080" ind1=" " ind2=" ">
    <subfield code="a">543(075.8) &#x410;-47</subfield>
  </datafield>
  <datafield tag="100" ind1=" " ind2=" ">
    <subfield code="a">&#x410;&#x43B;&#x435;&#x43A;&#x441;&#x435;&#x435;&#x432;, &#x412;. &#x41D;.</subfield>
    <subfield code="9">19606</subfield>
  </datafield>
  <datafield tag="245" ind1=" " ind2=" ">
    <subfield code="a">&#x41A;&#x43E;&#x43B;&#x438;&#x447;&#x435;&#x441;&#x442;&#x432;&#x435;&#x43D;&#x43D;&#x44B;&#x439; &#x430;&#x43D;&#x430;&#x43B;&#x438;&#x437; /</subfield>
    <subfield code="c">&#x412;. &#x41D;. &#x410;&#x43B;&#x435;&#x43A;&#x441;&#x435;&#x435;&#x432; ; &#x41F;&#x43E;&#x434;.&#x440;&#x435;&#x434;.&#x434;&#x43E;&#x43A;&#x442;&#x43E;&#x440;&#x430; &#x445;&#x438;&#x43C;.&#x43D;&#x430;&#x443;&#x43A;. &#x41F;. &#x41A;. &#x410;&#x433;&#x430;&#x441;&#x44F;&#x43D;&#x430; ; &#x420;&#x435;&#x434;. &#x41B;. &#x41D;.&#x41E;&#x432;&#x441;&#x44F;&#x43D;&#x438;&#x43A;&#x43E;&#x432;&#x430;..</subfield>
  </datafield>
  <datafield tag="250" ind1=" " ind2=" ">
    <subfield code="a">4-&#x435; &#x438;&#x437;&#x434;.&#x43F;&#x435;&#x440;&#x435;&#x440;&#x430;&#x431;</subfield>
  </datafield>
  <datafield tag="264" ind1=" " ind2=" ">
    <subfield code="a">&#x41C;&#x43E;&#x441;&#x43A;&#x432;&#x430; :</subfield>
    <subfield code="b">&#x425;&#x438;&#x43C;&#x438;&#x44F;, </subfield>
    <subfield code="c">1972.</subfield>
  </datafield>
  <datafield tag="300" ind1=" " ind2=" ">
    <subfield code="a">504 &#x441;&#x442;&#x440;. ;</subfield>
    <subfield code="c">20 cm.</subfield>
    <subfield code="e">24 &#x442;&#x430;&#x431;&#x43B;. 76&#x440;&#x438;&#x441;. &#x441;&#x43F;&#x438;&#x441;&#x43E;&#x43A; &#x43B;&#x438;&#x442;&#x435;&#x440;&#x430;&#x442;&#x443;&#x440;&#x44B; 15 &#x441;&#x441;&#x44B;&#x43B;&#x43E;&#x43A;</subfield>
  </datafield>
  <datafield tag="653" ind1=" " ind2=" ">
    <subfield code="a">&#x41A;&#x43E;&#x43B;&#x438;&#x447;&#x435;&#x441;&#x442;&#x432;&#x435;&#x43D;&#x43D;&#x44B;&#x439; &#x430;&#x43D;&#x430;&#x43B;&#x438;&#x437;</subfield>
  </datafield>
  <datafield tag="700" ind1=" " ind2=" ">
    <subfield code="a">&#x41E;&#x432;&#x441;&#x44F;&#x43D;&#x438;&#x43A;&#x43E;&#x432;&#x430;, &#x41B;. &#x41D;.</subfield>
    <subfield code="c">&#x420;&#x435;&#x434;&#x430;&#x43A;&#x442;&#x43E;&#x440;</subfield>
    <subfield code="9">19607</subfield>
  </datafield>
  <datafield tag="942" ind1=" " ind2=" ">
    <subfield code="c">BK</subfield>
    <subfield code="2">udc</subfield>
  </datafield>
  <datafield tag="952" ind1=" " ind2=" ">
    <subfield code="0">0</subfield>
    <subfield code="1">0</subfield>
    <subfield code="2">udc</subfield>
    <subfield code="4">0</subfield>
    <subfield code="6">5430758_&#x410;47</subfield>
    <subfield code="7">0</subfield>
    <subfield code="9">44681</subfield>
    <subfield code="a">CPL</subfield>
    <subfield code="b">CPL</subfield>
    <subfield code="c">GEN</subfield>
    <subfield code="d">2018-12-17</subfield>
    <subfield code="g">2.58</subfield>
    <subfield code="o">543(075.8) &#x410;-47</subfield>
    <subfield code="p">22513</subfield>
    <subfield code="r">2018-12-17</subfield>
    <subfield code="t">22513</subfield>
    <subfield code="w">2018-12-17</subfield>
    <subfield code="y">BK</subfield>
    <subfield code="z">2.58 &#x20BE;.</subfield>
  </datafield>
</record>
